Everything you need to know about world history homework / (Record no. 290286)
[ view plain ]
| 000 -LEADER | |
|---|---|
| fixed length control field | 00621nam a2200181Ia 4500 |
| 008 - FIXED-LENGTH DATA ELEMENTS--GENERAL INFORMATION | |
| fixed length control field | 160114s9999 xx 000 0 und d |
| 020 ## - INTERNATIONAL STANDARD BOOK NUMBER | |
| International Standard Book Number | 0-439625211 |
| 050 ## - LIBRARY OF CONGRESS CALL NUMBER | |
| Classification number | 900 |
| 050 ## - LIBRARY OF CONGRESS CALL NUMBER | |
| Item number | .Z53e 2005 |
| 100 ## - MAIN ENTRY--PERSONAL NAME | |
| Personal name | Zeman, Anne |
| 245 ## - TITLE STATEMENT | |
| Title | Everything you need to know about world history homework / |
| Statement of responsibility, etc | Anne Zeman, Kate Kelly. |
| 260 ## - PUBLICATION, DISTRIBUTION, ETC. (IMPRINT) | |
| Place of publication, distribution, etc | New York : |
| Name of publisher, distributor, etc | Scholastic Inc. |
| Date of publication, distribution, etc | 2005 |
| 300 ## - PHYSICAL DESCRIPTION | |
| Extent | viii, 135 pages : |
| Other physical details | ill. (some col.), col. maps ; |
| Dimensions | 28 cm. |
| 440 ## - SERIES STATEMENT/ADDED ENTRY--TITLE | |
| Title | Everything you need to know about homework series. |
| 500 ## - GENERAL NOTE | |
| General note | "An Irving Place Press book." |
| 650 ## - SUBJECT ADDED ENTRY--TOPICAL TERM | |
| Topical term or geographic name as entry element | World history-- |
| 650 ## - SUBJECT ADDED ENTRY--TOPICAL TERM | |
| General subdivision | Juvenile literature. |
| Withdrawn status | Lost status | Damaged status | Home library | Current library | Shelving location | Date acquired | Total Checkouts | Full call number | Date last seen | Price effective from | Koha item type |
|---|---|---|---|---|---|---|---|---|---|---|---|
| Stonyhurst Southville International School (Batangas) | Stonyhurst Southville International School (Batangas) | Grade School Section | 01/14/2016 | 900 .Z53e 2005 | 01/14/2016 | 01/14/2016 | Books |